Statistiche per Paesi che iniziano con la L

Clicka qui per fare il quiz!

Statistiche generali

  • Questo quiz è stato fatto 2.621 volte
  • Il punteggio medio è 7 su 9

Statistiche sulle risposte

Paese% Corretto
Lituania
91%
Lettonia
89%
Libano
88%
Laos
83%
Liberia
80%
Libia
79%
Lussemburgo
78%
Liechtenstein
76%
Lesotho
69%

Distribuzione punteggi

Percentile per numero di risposta

Percentuale di utenti per punteggio

I tuoi punteggi nel tempo

Non hai fatto questo quiz